Marxismo tardío: Adorno y la persistencia de la dialéctica
Сохранить в:
| Главный автор: | |
|---|---|
| Формат: | |
| Язык: | испанский |
| Опубликовано: |
Buenos Aires
Fondo de Cultura Económica
2010
|
| Редактирование: | 1a. ed |
| Серии: | Sección de Obras de Filosofía
|
| Предметы: | |
| Метки: |
Добавить метку
Нет меток, Требуется 1-ая метка записи!
|
MARC
| LEADER | 00000cam a2200000 a 4500 | ||
|---|---|---|---|
| 001 | UCD1722 | ||
| 003 | CL-VaPUC | ||
| 008 | 160324e20100000ag |||||||||||||||||spa|d | ||
| 020 | |a 9789505578481 | ||
| 082 | 0 | 4 | |a 320.01 |b JAM |2 21 |
| 100 | |a Jameson, Fredric |e autor |9 611668 | ||
| 245 | 1 | 0 | |a Marxismo tardío: Adorno y la persistencia de la dialéctica |
| 250 | |a 1a. ed | ||
| 300 | |a 380 p | ||
| 942 | |c BK | ||
| 945 | |d 20160324 12:59:00 |a arojas | ||
| 260 | |a Buenos Aires |b Fondo de Cultura Económica |c 2010 | ||
| 600 | 0 | 7 | |a ADORNO, THEODOR WIESENGRUND |2 CL-VaPUC |9 325578 |
| 650 | 7 | |a MARXISMO |2 CL-VaPUC |9 584874 | |
| 650 | 7 | |a TEORIA POLITICA |2 CL-VaPUC |9 584875 | |
| 650 | 0 | |a Dialéctica |9 257902 | |
| 583 | |a last modification |c 20180514 09:24:04 |k Rodrigo Vera | ||
| 490 | 0 | |a Sección de Obras de Filosofía | |
| 999 | |c 362992 |d 362990 | ||
| 952 | |0 0 |1 0 |3 erb |4 0 |6 320_010000000000000_JAM_2010 |7 0 |8 A |9 474654 |a BIBEDU |b BIBEDU |i 5267900 |o 320.01 JAM 2010 |p 5267900 |r 2019-11-24 |w 2019-11-24 |y BK |z Catalogado en:20160324 |k FIL | ||